The Indian luck book : how to bring luck into your life
| Main Author: | |
|---|---|
| Format: | Book |
| Published: |
London :
Chrysalis ,
2002
|
| Subjects: |
MARC
| LEADER | 00000cam a2200000 7i4500 | ||
|---|---|---|---|
| 001 | 0000021172 | ||
| 005 | 20080827.0 | ||
| 008 | 080714 | ||
| 020 | |a 0862884926 | ||
| 090 | 0 | 0 | |a 158 |b BHA |
| 100 | 1 | |a Bharadwaj, Monisha | |
| 245 | 1 | 4 | |a The Indian luck book : |b how to bring luck into your life |c Monisha Bharadwaj |
| 260 | |a London : |b Chrysalis , |c 2002 | ||
| 650 | 0 | |a Astrology and germs | |
| 650 | 0 | |a Fortune | |
| 650 | 0 | |a Fortune |x Telling |z India | |
| 650 | 0 | |a Hindu symbolism | |
| 999 | |a 0001029382 |b Book |c Adult Collection |e Perbadanan Perpustakaan Awam Johor | ||